The Hate Quiz - Statistics

General Stats
  • This quiz has been taken 867 times
  • The average score is 13 of 24
Answer Stats
Hint Answer % Correct
Green Christmas-hater by Dr Seuss Grinch
93%
Orange cartoon cat that hates Mondays Garfield
91%
Singer who sang that "haters gonna hate hate hate hate hate" Taylor Swift
84%
idiom hate the {game}, not the player
83%
Christmas-hater of "A Christmas Carol" by C. Dickens Ebenezer Scrooge
80%
idiom It drives me up the {wall}!
71%
idiom To have a {bone} to pick.
70%
Add a syllable to "hate" and you'll create this country's name Haiti
68%
Name of offence rooted in prejudice hate {crime} / hate {speech}
68%
Rebecca Black's song, briefly the most disliked Youtube video in 2011 Friday
63%
"How You Remind Me" is a song by this much hated Canadian band Nickelback
63%
spiders {arachno}phobia
57%
confined spaces {claustro}phobia
55%
pedophobia children
54%
hemophobia blood
52%
idiom To get hot under the {collar}.
41%
Author of the most disliked Youtube video for the majority of 2010-2018 Justin Bieber
40%
acrophobia heights
35%
One of the top two most disliked videos on Youtube (as of 2021) 1) YouTube Rewind 2018: Everyone Controls Rewind 2) Baby Shark Dance
31%
strangers {xeno}phobia
30%
Someone who hates people, also the name of Molière's comedy Misanthrope
29%
One of the top 2 people to win the most Golden Raspberry Awards Sylvester Stallone (12) and Adam Sandler (9)
29%
flying {aero}phobia
21%
ophidiophobia snakes
9%
No matching quizzes found
Score Distribution
Percent of People with Each Score
Percentile by Number Answered
Your Score History
You have not taken this quiz